Pokémon - Ice-type Pokémon - Statistics

General Stats
  • This quiz has been taken 331 times
    6 since last reset
  • The average score is 57 of 67
Answer Stats
Second Type Pokémon % Correct
Grass Abomasnow
100%
Flying Articuno
100%
N/A Avalugg
100%
N/A Bergmite
100%
Water Cloyster
100%
Fighting Crabominable
100%
SECONDARY ICE (Water) Dewgong
100%
Ghost Froslass
100%
N/A Glalie
100%
Psychic Jynx
100%
Water Lapras
100%
Ground Mamoswine
100%
Ground Piloswine
100%
Psychic Smoochum
100%
Dark Sneasel
100%
N/A Snorunt
100%
Grass Snover
100%
Ground Swinub
100%
N/A Vanillish
100%
N/A Vanillite
100%
N/A Vanilluxe
100%
Dark Weavile
100%
Fairy Alola Ninetales
80%
PRIMARY ICE (Steel) Alola Sandshrew
80%
Steel Alola Sandslash
80%
MONOTYPE Alola Vulpix
80%
Dragon Arctibax
80%
Water Arctovish
80%
Electric Arctozolt
80%
Dragon Baxcalibur
80%
N/A Beartic
80%
Dragon Black Kyurem
80%
N/A Cetitan
80%
N/A Cetoddle
80%
N/A Cryogonal
80%
N/A Cubchoo
80%
N/A Eiscue
80%
Dragon Frigibax
80%
Bug Frosmoth
80%
Electric Frost Rotom
80%
N/A Galarian Darmanitan
80%
Fire Galarian Darmanitan Zen Mode
80%
N/A Galarian Darumaka
80%
Psychic Galarian Mr. Mime
80%
N/A Glaceon
80%
N/A Glastrier
80%
Rock Hisuian Avalugg
80%
Water Iron Bundle
80%
Dragon Kyurem
80%
Grass Mega Abomasnow
80%
Fighting Mega Crabominable
80%
Ghost Mega Froslass
80%
N/A Mega Glalie
80%
Psychic Mr. Rime
80%
N/A Regice
80%
Water Sealeo
80%
Bug Snom
80%
N/A Snowy Castform
80%
Water Spheal
80%
Water Walrein
80%
Dragon White Kyurem
80%
Rock Amaura
60%
Rock Aurorus
60%
Dark Chien-Pao
60%
Flying Delibird
60%
Psychic Ice Rider Calyrex
60%
Dragon Mega Baxcalibur
60%
No matching quizzes found
Score Distribution
Percent of People with Each Score
Percentile by Number Answered
Your Score History
You have not taken this quiz since the last reset